Catalog

Record Details

Catalog Search



Dark fire  Cover Image Book Book

Dark fire / Christine Feehan.

Feehan, Christine. (Author).

Summary:

Hired on as the mechanic for a traveling troupe of musicians, Tempest, gifted with the ability to communicate with animals, is astounded to discover an overpowering attraction to the troupe's leader, the sensual Darius.

Record details

  • ISBN: 9780505524478
  • ISBN: 0505524473
  • Physical Description: 390 pages ; 18 cm.
  • Publisher: New York : Love Spell, 2001.

Content descriptions

General Note:
"Love spell paranormal romance."
Subject: Man-woman relationships > Fiction.
Immortality > Fiction.
Genre: Occult fiction.
Romance fiction.

Available copies

  • 1 of 1 copy available at scottsboropl.

Holds

  • 0 current holds with 1 total copy.
Show All Copies
Location Call Number / Copy Notes Barcode Shelving Location Status Due Date
scottsboropl F Fee 32269001067043 Adult - Fiction Available -

LDR 01393nam a2200373Ka 4500
001147519
003CONS
00520180614064522.0
008010810s2001 nyu 000 f eng d
010 . ‡a 2002560931
020 . ‡a9780505524478 ‡q(paperback)
020 . ‡a0505524473 ‡q(paperback)
02410. ‡a071145005991 ‡d52447
035 . ‡a(CPomAG)LMN607027
050 4. ‡aPS3606.E36 ‡bD26 2001
08204. ‡a[Fic]
1001 . ‡aFeehan, Christine.
24510. ‡aDark fire / ‡cChristine Feehan.
260 . ‡aNew York : ‡bLove Spell, ‡c2001.
300 . ‡a390 pages ; ‡c18 cm.
336 . ‡atext ‡btxt ‡2rdacontent
337 . ‡aunmediated ‡bn ‡2rdamedia
338 . ‡avolume ‡bnc ‡2rdacarrier
4901 . ‡aDark Carpathian ; ‡v6.
500 . ‡a"Love spell paranormal romance."
520 . ‡aHired on as the mechanic for a traveling troupe of musicians, Tempest, gifted with the ability to communicate with animals, is astounded to discover an overpowering attraction to the troupe's leader, the sensual Darius.
650 0. ‡aMan-woman relationships ‡vFiction.
650 1. ‡aImmortality ‡vFiction.
655 7. ‡aOccult fiction. ‡2gsafd
655 7. ‡aRomance fiction. ‡2lcgft
8001 . ‡aFeehan, Christine. ‡tCarpathian novel ; ‡v6.
914 . ‡aSCP_kt
959 . ‡i32269001067043 ‡lF Fee ‡aAdult - Fiction ‡tFiction ‡g8.00
852 . ‡p32269001067043 ‡jF Fee ‡gAdult - Fiction ‡cFiction ‡y8.00 ‡bSBPL
901 . ‡a147519 ‡bUnknown ‡c147519 ‡tbiblio

Additional Resources